00988nam a2200217 u 450000100100000000500170001000800410002704000250006808200220009310000350011524500750015026000820022530000390030750000710034650000570041750400320047465000630050665000650056965100480063471000880068200000295920200929150309.0090706s1989 dr ad 001 0 spa d aDO-SdBNPbspacBNPHU a338.187293bS211c1 aSánchez Roa, Adriano,d1956-10aCampesinos crisis agropecuaria e inflación /cAdriano Sánchez Roa. aSanto Domingo :bInstituto del Movimiento Obrero, Campesino y Popular,c1989. a195 p. :bil., gráfcs. ;c23 cm. aIncluye datos biográficos del autor en la solapa de la cubierta. aIncluye bibliografías y notas al pie de páginas. aBibliografía : p.191-192. 4aAgriculturaxAspectos económicoszRepública Dominicana 4aCampesinoszRepública DominicanaxCondiciones económicas 4aRepública DominicanaxCondiciones Rurales2 aInstituto del Movimiento Obrero, Campesino y Popular, IMOC (República Dominicana)